Trong ánh sáng tư tưởng văn hóa Hồ Chí Minh
Gồm những bài viết của tác giả về sự kiện chính trị - xã hội và bước đường phát triển đã qua của văn hóa, văn nghệ nước ta.
Сохранить в:
| Главный автор: | |
|---|---|
| Формат: | |
| Язык: | Undetermined |
| Опубликовано: |
Hà Nội
Văn Học
2003
|
| Предметы: | |
| Метки: |
Добавить метку
Нет меток, Требуется 1-ая метка записи!
|
| Thư viện lưu trữ: | Trung tâm Học liệu Trường Đại học Cần Thơ |
|---|
| LEADER | 00776nam a2200205Ia 4500 | ||
|---|---|---|---|
| 001 | CTU_56687 | ||
| 008 | 210402s9999 xx 000 0 und d | ||
| 020 | |c 74000 | ||
| 082 | |a 335.4346 | ||
| 082 | |b V500 | ||
| 100 | |a Lê, Xuân Vũ | ||
| 245 | 0 | |a Trong ánh sáng tư tưởng văn hóa Hồ Chí Minh | |
| 245 | 0 | |c Lê Xuân Vũ | |
| 260 | |a Hà Nội | ||
| 260 | |b Văn Học | ||
| 260 | |c 2003 | ||
| 520 | |a Gồm những bài viết của tác giả về sự kiện chính trị - xã hội và bước đường phát triển đã qua của văn hóa, văn nghệ nước ta. | ||
| 650 | |a Ho Chi Minh ideology | ||
| 904 | |i Qhieu đã sửa | ||
| 980 | |a Trung tâm Học liệu Trường Đại học Cần Thơ | ||